000 01151nam a2200337 a 4500
001 24745
003 Mx-PuUPA
005 20251006113247.0
008 140415s1992 ag a gr 001 0dspa d
020 _a9789876911566
040 _aMx-PuUPA
_bspa
_cMx-PuUPA
_dMx-PuUPA
_erda
041 0 _aspa
100 1 _aGonzález, Carmen,
_917510
_eautor
245 1 0 _aFenomenología, ontología y ética :
_bla fundamentación de la moral en Karol Wojtyla /
_cCarmen González
250 _aPrimera edición
264 1 _aBuenos Aires, República Argentina :
_bEditorial Biblos
_c©2013
300 _a235 páginas ;
_b20 cm
336 _2rdacontent
_atexto
_btxt
337 _2rdamedia
_asin medio
_bn
338 _2rdacarrier
_avolumen
_bnc
490 0 _aPaideia fenomenología
600 0 4 _aJuan Pablo II
_d1920-2005
_xCrítica e Interpretación
650 4 _2armarc
_aMoral
650 4 _2armarc
_aOntología
650 4 _2armarc
_aFenomenología
650 4 _2armarc
_aÉtica
942 _2ddc
_cLI
_h111
_iG63
999 _c24745
_d24745